Marketing Research : An Applied Orientation / (Record no. 7104)
[ view plain ]
| 000 -LEADER | |
|---|---|
| fixed length control field | 00790nam a2200253Ia 4500 |
| 003 - CONTROL NUMBER IDENTIFIER | |
| control field | BUBTL |
| 008 - FIXED-LENGTH DATA ELEMENTS--GENERAL INFORMATION | |
| fixed length control field | 151213s9999 xx 000 0 und d |
| 020 ## - INTERNATIONAL STANDARD BOOK NUMBER | |
| International Standard Book Number | 9789353433291 |
| 041 ## - LANGUAGE CODE | |
| Language code of text/sound track or separate title | eng |
| 082 ## - DEWEY DECIMAL CLASSIFICATION NUMBER | |
| Classification number | 658.83/ M2948m/ 2019 |
| 100 ## - MAIN ENTRY--PERSONAL NAME | |
| Personal name | Malhotra, Naresh K. |
| 9 (RLIN) | 1369 |
| 245 ## - TITLE STATEMENT | |
| Title | Marketing Research : An Applied Orientation / |
| Statement of responsibility, etc. | Naresh K. Malhotra, Satyabhusan Dash |
| 250 ## - EDITION STATEMENT | |
| Edition statement | 7th ed |
| 260 ## - PUBLICATION, DISTRIBUTION, ETC. (IMPRINT) | |
| Name of publisher, distributor, etc. | Pearson, |
| Date of publication, distribution, etc. | c2019 |
| Place of publication, distribution, etc. | India : |
| 300 ## - PHYSICAL DESCRIPTION | |
| Extent | xxxiii, 955 p.: |
| Other physical details | ills.; |
| Dimensions | 25.5 p. : |
| 500 ## - GENERAL NOTE | |
| General note | Includes Index. |
| 505 ## - FORMATTED CONTENTS NOTE | |
| Formatted contents note | Marketing Research, Naresh K. Malhotra, Satyabhusan Dash, Marketing |
| 526 ## - STUDY PROGRAM INFORMATION NOTE | |
| Program name | Marketing |
| 650 ## - SUBJECT ADDED ENTRY--TOPICAL TERM | |
| Topical term or geographic name as entry element | Marketing |
| 9 (RLIN) | 2661 |
| 700 ## - ADDED ENTRY--PERSONAL NAME | |
| Personal name | Dash, Satyabhusan |
| 9 (RLIN) | 5495 |
| 856 ## - ELECTRONIC LOCATION AND ACCESS | |
| Password | 0 |
| Logon | 0 |
| Link text | Download |
| 942 ## - ADDED ENTRY ELEMENTS (KOHA) | |
| Source of classification or shelving scheme | |
| Koha item type | Books |
| Withdrawn status | Lost status | Source of classification or shelving scheme | Damaged status | Not for loan | Collection code | Permanent location | Current location | Shelving location | Date acquired | Source of acquisition | Inventory number | Total Checkouts | Full call number | Barcode | Date last seen | Copy number | Price effective from | Koha item type |
|---|---|---|---|---|---|---|---|---|---|---|---|---|---|---|---|---|---|---|
| Not For Loan | Non-fiction | Bangladesh University of Business and Technology Library | Bangladesh University of Business and Technology Library | Marketing Stacks | 09/26/2023 | Purchase | 29719 | 658.83/ M2948m/ 2019 | BUBTL-200329719 | 10/04/2023 | C-1 | 10/04/2023 | Books | |||||
| Not For Loan | Non-fiction | Bangladesh University of Business and Technology Library | Bangladesh University of Business and Technology Library | Marketing Stacks | 09/26/2023 | Purchase | 29720 | 658.83/ M2948m/ 2019 | BUBTL-200329720 | 10/04/2023 | C-2 | 10/04/2023 | Books |
